Hanuman Chalisa: (Record no. 165614)

MARC details
000 -LEADER
fixed length control field 00602nam a22001937a 4500
005 - DATE AND TIME OF LATEST TRANSACTION
control field 20190625122200.0
010 ## - LCCN (DPL NO)
LC control number B-125742
020 ## - INTERNATIONAL STANDARD BOOK NUMBER
Terms of availability 890.00
International Standard Book Number 9788184621723
035 ## - SYSTEM CONTROL NUMBER
System control number EN-109274
037 ## - SOURCE OF ACQUISITION
Source of stock number/acquisition DBAD/PUB
082 ## - DEWEY DECIMAL CLASSIFICATION NUMBER
Classification number 230
100 ## - MAIN ENTRY--PERSONAL NAME
Personal name Chandrika
245 ## - TITLE STATEMENT
Title Hanuman Chalisa:
Remainder of title by Chandrika
Statement of responsibility, etc a Bhakta's quest for the Divine/
260 ## - PUBLICATION, DISTRIBUTION, ETC. (IMPRINT)
Place of publication, distribution, etc Mumbai
Name of publisher, distributor, etc vakils, Feffer and Simons
Date of publication, distribution, etc 2019
270 ## - ADDRESS
Address industry manor, 2nd floor, A. Marathe Marg, Prabhadevi,
City Mumbai
Postal code 400025
300 ## - PHYSICAL DESCRIPTION
Extent 430p.
Dimensions 24cm(Hb)
Other physical details ill.
500 ## - GENERAL NOTE
General note include bibliography
942 ## - ADDED ENTRY ELEMENTS (KOHA)
Source of classification or shelving scheme Dewey Decimal Classification
Item type English Books
Classification part 230
Call number suffix CHA
Holdings
Withdrawn status Lost status Not for loan Collection code Home library Current library Date acquired Source of acquisition Cost, normal purchase price Full call number Barcode Copy number Cost, replacement price Koha item type
      Non-fiction Bawana Bawana 25/06/2019 DBAD/PUB 890.00 230 CHA EN-109274 1 890.00 English Books

© Delhi Public Library
Hit Counter
free hit counter